000 00800nam a2200241Ia 4500
003 GCL
008 140319s9999 xx 000 0 ara d
040 _aGCL /
_cGCL
082 0 4 _a810.808
_bط م
100 1 _aالطاهر احمد مكى
245 1 0 _aمقدمة فى الادب الاسلامى المقارن /
_cالطاهر احمد مكى
260 _a[S.N] :
_bعين للدراسات والبحوث الانسانية والاجتماعية ،
_c1994
300 _a460 ص
490 _a
650 0 4 _aالادب
650 0 4 _aالادب الفارسى
650 0 4 _aالادب التركى
650 0 4 _aالادب الاردنى
650 0 4 _aالادب السامى
650 0 4 _aالادب الالبانى
650 0 4 _aالادب الاندونيسى
942 _2ddc
_cBK
999 _c29367
_d29367